Global media journal slovenské vydanie/slovak edition

Salvato in:
Dettagli Bibliografici
Natura: Periodico
Lingua:slovacco
Pubblicazione: Bratislava Fakulta masmédií Paneurópskej vysokej školy 2015
Tags: Aggiungi Tag
Nessun Tag, puoi essere il primo ad aggiungerne!!

MARC

LEADER 00000nas2a2200000 4500
001 0211695
005 20200131072841.2
022 |a 1339-0767 
041 0 |a slo 
044 |a SK 
245 1 0 |a Global media journal  |b slovenské vydanie/slovak edition 
264 1 |a Bratislava  |b Fakulta masmédií Paneurópskej vysokej školy  |c 2015 
773 0 |w eu_un_cat*0168038 
774 0 |w eu_un_cat*0261975